01062nam a22001697a 4500003000400000005001700004008004100021020001500062040001000077100002400087245003800111260002700149300001100176520067600187942001600863999001300879OSt20240410111315.0240410s1988 ag ||||| |||| 00| 0 spa d a8447300005 cbesoc aEco, Umbertoeautor aEl Nombre De La RosacUmberto Eco aEspaña:bLumenc1988 a467 p. aOriginal mezcla de relato policiaco a lo Agatha Chistie y novela culta, El Nombre De La Rosa -primera novela del escritor y semiólogo italiano Umberto Eco- cuenta las peripecias de Fray Guillermo de Baskerville y su alumno y acompañante fiel, Adso de Melk, en una abadía benedictina en el primer tercio del siglo XIV. Peripecias que giran alrededor de unos misteriosos textos griegos y las extrañas muertes que se suceden en torno a ellos. Con el marco nada incomparable de la Edad Media, El nombre de la rosa se revela como una aventura laberíntica, perfecta tanto para los que busquen una lectura culta como para que dejen seducir por el puro entretenimiento. 2udccLPDn0 c225d225